Computers and information processing : (Record no. 6208)

MARC details
000 -LEADER
fixed length control field 00651pam a2200169 a 4500
020 ## - INTERNATIONAL STANDARD BOOK NUMBER
ISBN 0534039995
050 00 - CALL NUMBER
Classification number QA76
Item number .B39
100 1# - AUTHOR
Personal name Behling, Robert,
245 10 - TITLE
Title Computers and information processing :
Remainder of title an introduction /
Statement of responsibility, etc Robert Behling.
260 ## - PUBLICATION INFORMATION
Place of publication Boston, Mass. :
Name of publisher Kent Pub. Co.,
Year of publication 1986.
300 ## - DESCRIPTION
Number of Pages xxiii, 680 p. :
Other physical details col. ill. ;
Dimensions 25 cm.
500 ## - NOTES
General note Includes index.
505 ## - FORMATTED CONTENTS NOTE
Table of Content Part I: Introduction.<br/>Part II: Technology. <br/>Part III: Software. <br/>Part VI: Systems development, use and management.<br/>Part V: Computers and society. <br/>Appendix. <br/>Glossary.
650 #0 - SUBJECTS
Topical Term Computers.
650 #0 - SUBJECTS
Topical Term Electronic data processing.
942 ## - ADDED ENTRY ELEMENTS (KOHA)
Koha item type Books
Holdings
Withdrawn status Lost status Collection code Home library Current library Shelving location Date acquired Full call number Accession Number Koha item type
    Reference Methodist University Library Main Methodist University Library Main General Stacks 12/09/2013 QA76 .B39 15159 Books
Copyright © 2026  MUG Library